Дело о назначении торгов на освещение ламповым маслом Большого, Михайловского и Каменноостровского театров и о заключении контра...

RUSMARC
00005862cbc2a2200000#x 450
001ef2cd3f1-55fd-4996-9542-f99048861d2e
00520200114122150.0
100##$a20170703l18481851k l0rusy0189 ca
1010#$arus
102##$aRU
2001#$aДело о назначении торгов на освещение ламповым маслом Большого, Михайловского и Каменноостровского театров и о заключении контракта с купцом Кондратьевым
$j1 февраля 1848 г. - 2 августа 1851 г.
251##$cДело
300##$aПо Санкт-Петербургской дирекции за 1848 год
300##$aРукописный текст. Чернила
801#0$aRU
$bРГИА
$c20170703
801#1$aRU
$bГлавНИВЦ
$c20170703
$2rusmarc
801#2$aRU
$bПБ им. Б.Н. Ельцина
$c20181227
$gRCR
$2rusmarc
850##$aФедеральное казенное учреждение "Российский государственный исторический архив" (РГИА)
852##$aРГИА
$j11724
937##$hРГИА
$d12246917
$aASBIBLIO_SCAN
462#0$1001dd3991dc-24e1-42ec-8838-ca4255420416
$12001
$a1746-1850 гг.
$vД. 11724
$1251
$cОпись
$1852
$j1
461#0$10019264ebf8-de62-4f1a-9eb4-9f22098dbbd5
$12001
$aДирекция императорских театров МИДв
$1251
$cФонд
$1852
$j497
215##$a101 лист
$d36,5х26 см
371##$aДокумент не является опубликованным и широко распространяемым
105##$ay###
1222#$ad18480201##
$ad18510802##
035##$aef2cd3f1-55fd-4996-9542-f99048861d2e
856##$uhttp://readingroom.main.prlib.ru/item.aspx?id_node=n122568163&mode=full
6061#$2nlr_sh1
$3RU\NLR\AUTH\66822028
$aТеатры
$xОсвещение
$jДокументы и материалы
60102$2nlr_sh1
$3RU\NLR\AUTH\66822028
$aБольшой (Каменный) театр
$cСанкт-Петербург, город
$xИстория
$jДокументы и материалы
60102$2prlib_sh
$3LIBNET\UAF\0000084411
$aМихайловский театр
$cСанкт-Петербург, город
$xИстория
$jДокументы и материалы
60102$2prlib_sh
$3LIBNET\UAF\0000084537
$aКаменноостровский театр
$cСанкт-Петербург, город
$xИстория
$jДокументы и материалы
686##$2rubbk
$a85.33
$vLBC/M
686##$a63.3(2)52-7
$vLBC/M
$2rubbk
605##$2acquisition_Prlib
$3LIBNET\UAF\0000080478
$aГод театра в России
$lколлекция
605##$2acquisition_Prlib
$3DITM\AF\0000004166
$aРоссия в лицах
$lколлекция
Формат отображения